| Tag |
First Indicator |
Second Indicator |
Subfields |
| LEADER |
00000cam a2200000 a 4500 |
| 001 |
in00000551521 |
| 005 |
20151014052515.0 |
| 008 |
750207s1957 ncubcf b 00110 engm |
| 010 |
|
|
|a 57009277
|
| 035 |
|
|
|a (OCoLC)01163509
|
| 035 |
|
|
|9 ACJ9199AM
|
| 040 |
|
|
|c SRS
|d TXA
|d UtOrBLW
|
| 049 |
|
|
|a TXAM
|c [A08969205]
|
| 050 |
|
0 |
|a E78.N74
|b R5 1957
|
| 082 |
0 |
|
|a 970.4
|
| 100 |
1 |
|
|a Rights, Douglas L.
|q (Douglas LeTell),
|d 1891-1956.
|
| 245 |
1 |
4 |
|a The American Indian in North Carolina /
|c Douglas L. Rights.
|
| 250 |
|
|
|a 2nd ed.
|
| 264 |
|
1 |
|a Winston-Salem :
|b J.F. Blair,
|c 1957.
|
| 300 |
|
|
|a xx, 298 pages, 104 unnumbered pages of plates :
|b illustrations, maps (1 folded) portraits ;
|c 24 cm.
|
| 336 |
|
|
|a text
|b txt
|2 rdacontent
|
| 337 |
|
|
|a unmediated
|b n
|2 rdamedia
|
| 338 |
|
|
|a volume
|b nc
|2 rdacarrier
|
| 500 |
|
|
|a "A publication of the Wachovia Historical Society."
|
| 504 |
|
|
|a Includes bibliographies and index.
|
| 650 |
|
0 |
|a Indians of North America
|z North Carolina.
|
| 999 |
|
|
|a MARS
|
| 999 |
f |
f |
|s 05d2cfa2-ef93-3d19-b6aa-8ed3fae2d34f
|i 4da3b797-679f-30d9-bbb2-7b62aea37053
|t 0
|
| 952 |
f |
f |
|p ric
|a Texas A&M University
|b Rellis Campus
|c Joint Library Facility
|d Remote Storage
|t 0
|e E78.N74 R5 1957
|h Library of Congress classification
|i unmediated -- volume
|m A14808969205
|
| 998 |
f |
f |
|a E78.N74 R5 1957
|t 0
|l Remote Storage
|